000 01362nam a2200301 4500
003 EC-UNACH
005 20251016165131.0
006 s||||gr|||| 00| 00
008 150116t9999 mx r gr 000 0 spa d
020 _a978-9942-01-350-7
040 _aEC-UNACH
_cEC-UNACH
041 _aspa
082 0 4 _223
_a341
_bL004731
110 _aDistrilib
245 _aEl arbitraje la Justicia Alternativa
250 _aSegunda Edición
264 _aEcuador
_bDistrilib
_c2007
300 _a514
505 _aPrimera parte Capitulo 1- Consideraciones preliminares Capitulo 2- Clases de arbitraje Capitulo 3- Naturaleza jurídica del arbitraje Capitulo 4- El convenio arbitral Capitulo 5- Los árbitros Capitulo 6- El proceso arbitral Capitulo 7- El lado arbitral Capitulo 8- La nulidad del laudo arbitral Capitulo 9- Primera parte nociones sobre arbitraje internacional Capitulo 10- Arbitraje internacional Capitulo 11- El espíritu innovador de la ley de arbitraje y mediación Capitulo 12- Valoración critica de las características de la ley de arbitraje y mediación codificada.E
650 _9El arbitraje
650 _aJusticia alternativa
650 _9Aspectos generales
700 _aErnesto Salcedo Verduga
942 _2ddc
_c1
999 _c14024